<?xml version="1.0" encoding="UTF-8"?>
<record
    xmlns:xsi="http://www.w3.org/2001/XMLSchema-instance"
    xsi:schemaLocation="http://www.loc.gov/MARC21/slim http://www.loc.gov/standards/marcxml/schema/MARC21slim.xsd"
    xmlns="http://www.loc.gov/MARC21/slim">

  <leader>00507    a2200169   4500</leader>
  <controlfield tag="003">OSt</controlfield>
  <controlfield tag="005">20230916111759.0</controlfield>
  <controlfield tag="008">230916b        |||||||| |||| 00| 0 eng d</controlfield>
  <datafield tag="020" ind1=" " ind2=" ">
    <subfield code="a">9788172165437</subfield>
  </datafield>
  <datafield tag="040" ind1=" " ind2=" ">
    <subfield code="c">oclc</subfield>
  </datafield>
  <datafield tag="082" ind1=" " ind2=" ">
    <subfield code="a">612.044</subfield>
    <subfield code="b">SIN/A</subfield>
  </datafield>
  <datafield tag="100" ind1=" " ind2=" ">
    <subfield code="a">Singh,  Amandeep</subfield>
    <subfield code="9">9501</subfield>
  </datafield>
  <datafield tag="245" ind1=" " ind2=" ">
    <subfield code="a">Athletic care and rehabilitation /</subfield>
    <subfield code="c">Dr. Amandeep Singh.</subfield>
  </datafield>
  <datafield tag="260" ind1=" " ind2=" ">
    <subfield code="a">New Delhi:</subfield>
    <subfield code="b">Friends Publications</subfield>
    <subfield code="c">2022.</subfield>
  </datafield>
  <datafield tag="300" ind1=" " ind2=" ">
    <subfield code="a">125 p</subfield>
  </datafield>
  <datafield tag="942" ind1=" " ind2=" ">
    <subfield code="2">ddc</subfield>
    <subfield code="c">BK</subfield>
    <subfield code="h">612.044</subfield>
    <subfield code="i">SIN/A</subfield>
    <subfield code="k">612.044</subfield>
    <subfield code="m">SIN/A</subfield>
  </datafield>
  <datafield tag="952" ind1=" " ind2=" ">
    <subfield code="0">0</subfield>
    <subfield code="1">0</subfield>
    <subfield code="2">ddc</subfield>
    <subfield code="4">0</subfield>
    <subfield code="7">0</subfield>
    <subfield code="8">M&amp;H</subfield>
    <subfield code="a">MES</subfield>
    <subfield code="b">MES</subfield>
    <subfield code="c">PHYS</subfield>
    <subfield code="d">2023-09-16</subfield>
    <subfield code="l">0</subfield>
    <subfield code="o">612.044 SIN/A</subfield>
    <subfield code="p">42399</subfield>
    <subfield code="r">2023-09-16 11:18:49</subfield>
    <subfield code="v">595.00</subfield>
    <subfield code="w">2023-09-16</subfield>
    <subfield code="y">BK</subfield>
    <subfield code="z">U22R2</subfield>
  </datafield>
  <datafield tag="999" ind1=" " ind2=" ">
    <subfield code="c">42454</subfield>
    <subfield code="d">42454</subfield>
  </datafield>
</record>
